Welcome to Marium Abdulla Library

Embrace knowledge with a breath of fresh air.

Browse Collection

Marium Abdulla Library

Bathrooms (Record no. 4060)

MARC details
000 -LEADER
fixed length control field 00425nam a2200205Ia 4500
001 - CONTROL NUMBER
control field 7621
003 - CONTROL NUMBER IDENTIFIER
control field OSt
005 - DATE AND TIME OF LATEST TRANSACTION
control field 20251126125421.0
008 - FIXED-LENGTH DATA ELEMENTS--GENERAL INFORMATION
fixed length control field 211022s9999 xx 000 0 und d
020 ## - INTERNATIONAL STANDARD BOOK NUMBER
International Standard Book Number 0848727614
040 ## - CATALOGING SOURCE
Transcribing agency IVS
082 ## - DEWEY DECIMAL CLASSIFICATION NUMBER
Classification number 747.78 NAS
Item number 7621
100 ## - MAIN ENTRY--PERSONAL NAME
Personal name Nasatir, Judith
245 #0 - TITLE STATEMENT
Title Bathrooms
260 ## - PUBLICATION, DISTRIBUTION, ETC.
Place of publication, distribution, etc. London
260 ## - PUBLICATION, DISTRIBUTION, ETC.
Name of publisher, distributor, etc. Oxmoor House
260 ## - PUBLICATION, DISTRIBUTION, ETC.
Date of publication, distribution, etc. 2003
300 ## - PHYSICAL DESCRIPTION
Extent vp
942 ## - ADDED ENTRY ELEMENTS (KOHA)
Koha item type Book
Source of classification or shelving scheme Dewey Decimal Classification
Suppress in OPAC No
Holdings
Date last seen Total checkouts Full call number Barcode Price effective from Koha item type Lost status Damaged status Not for loan Collection Withdrawn status Home library Current library Shelving location Date acquired Cost, normal purchase price Source of acquisition
10/26/2021   747.78 NAS 7621 10/26/2021 Book       Interior Design   Marium Abdulla Library Marium Abdulla Library Non-Ref 12/03/2007 0.00  
10/26/2021   747.78 NAS 12516 10/26/2021 Book       Interior Design   Marium Abdulla Library Marium Abdulla Library Non-Ref 10/01/2016 2500.00 Sarah Jafri
10/26/2021   747.78 NAS 12517 10/26/2021 Book       Interior Design   Marium Abdulla Library Marium Abdulla Library Non-Ref 10/01/2016 2500.00 Sarah Jafri